Statistics for The Abraham Lincoln Presidency

Click here to take the quiz!

General Stats

  • This quiz has been taken 13,882 times
  • The average score is 15 of 22

Answer Stats

HintAnswer% Correct
Name of his assassinJohn Wilkes Booth
90%
His nickname{Honest} Abe
89%
Home stateIllinois
89%
Famous 1863 address at the site
of a Pennsylvania battle
Gettysburg
89%
Fill-in-the-blank{Four} {score} and seven years ago
83%
Final head of the Union ArmyUlysses S. Grant
82%
Proclamation that ended slavery
in the rebelling states
Emancipation
Proclamation
81%
Theater where he was assassinatedFord's Theater
80%
First state to secede from the UnionSouth Carolina
77%
Wife's first nameMary
76%
State where he was bornKentucky
72%
Type of building he was born inLog Cabin
70%
Vice PresidentsAndrew Johnson
64%
Fill-in-the-blankA house divided against itself {cannot} {stand}
63%
Civil liberty that he suspendedWrit of
{habeas} {corpus}
60%
Holiday declared by Lincoln and
celebrated annually since 1863
Thanksgiving
56%
City where he practiced lawSpringfield
55%
1840s war that he opposedMexican-American War
50%
State admitted to the Union in 1863West Virginia
47%
Politician he debated in 1858Stephen Douglas
45%
Head of the Union Army
who ran against Lincoln in 1864
George B. McClellan
29%
Vice PresidentsHannibal Hamlin
18%

Score Distribution

Percentile by Number Answered

Percent of People with Each Score

Your Score History

You have not taken this quiz